Drapeau pays Amérique du nord par image - Statistiques

Statistiques générales
  • Ce quiz a été pris 45 fois
  • Le résultat moyen est 13 sur 16
Statistiques - réponses
Par images Réponse % Correct
Canada
100%
Mexique
100%
Usa
100%
Jamaïque
97%
Cuba
92%
Haïti
92%
Panama
92%
Honduras
84%
République dominicaine
84%
Costa Rica
82%
Barbade
76%
Guatemala
71%
Belize
63%
Saint Vincent
63%
Bahamas
61%
El Salvador
16%
Aucun quiz correspondant
Distribution des résultats
% des personnes avec chaque résultat
Percentile par nombre de réponses
Votre historique - résultats
Vous n’avez pas pris ce quiz